Radiohead albums - Statistics

General Stats
  • This quiz has been taken 48 times
  • The average score is 7 of 9
Answer Stats
Hint Answer % Correct
1995 Ok Computer
97%
1993 Pablo honey
97%
1995 The bends
97%
2000 Kid A
95%
2007 In rainbows
92%
2016 A moon shaped pool
82%
2001 Amnesiac
79%
2003 Hail to the theif
49%
2011 The king of the limbs
13%
No matching quizzes found
Score Distribution
Percent of People with Each Score
Percentile by Number Answered
Your Score History
You have not taken this quiz